000 01232nam0a22003131 4500
001 rc\2269701
005 20110829190842.2
021 _aRU
_b77-11663
035 _a(NLR Aleph) 006550832
090 _a6738226
_c6738226
100 _a20110829d1977 |||y0rusy50 ca
101 0 _arus
102 _aRU
105 _aa z |||||
200 1 _aЛинейные уравнения в частных производных
_e[Учеб. пособие для мех.-мат. и физ. специальностей вузов]
_fС.Г. Михлин
210 _aМосква
_cВысш. школа
_d1977
215 _a431 с.
_cил.
_d22
320 _aСписок лит.: с. 421-422 (55 назв.)
320 _aАлф. указ.: с. 423-426
606 _aДифференциальные уравнения с частными производными, линейные
_jУчебники и пособия
_2psbo
686 _aВ161.626я73-1
_2rubbk
700 1 _aМихлин
_bС. Г.
_f1908-1990
_gСоломон Григорьевич
801 0 _aRU
_bNLR
_gpsbo
801 1 _aRU
_bELAR
_2rusmarc
852 _aNLR
_j77-5/1904
899 _aRuMoRGB
_jБ 77-7/374
899 _aRuMoRGB
_jБ 77-7/375
942 _cBOOK
980 _aNB